000 00611nam a22001697a 4500
020 _qHBK.
082 _a621.3
100 _aKanwal, Alishba
245 _aDesign of an Optical Physical Access Layer Firmware Module for the FC7-testboard Based at CERN /
_cAlishba Kanwal.
260 _aIslamabad:
_bSEECS - NUST,
_c2018.
300 _a49 p. : ill. ;
_c30cm.
650 _aElectrical Engineering - MS Thesis.
_916073
700 _aDr. Awais Mehmood Kamboh.
_919312
856 _uhttp://10.250.8.41:8080/xmlui/handle/123456789/13045
942 _2ddc
_cTHE
999 _c528152
_d528152